Statistics for Countries Closest to Pakistan - 30 Second Sprint

Click here to take the quiz!

General Stats

  • This quiz has been taken 60 times
  • The average score is 9 of 20

Answer Stats

kmcountrymiles% Correct
0India0
96%
0Afghanistan0
93%
0Iran0
85%
0China0
84%
1184Iraq736
62%
550Nepal342
58%
16Tajikistan10
53%
1407Bangladesh874
47%
330Uzbekistan205
44%
1410Bhutan876
40%
439Turkmenistan273
36%
527United Arab
Emirates
328
36%
530Kazakhstan329
35%
342Oman212
35%
262Kyrgyzstan163
31%
703Saudi Arabia437
29%
1005Qatar624
27%
1208Kuwait751
20%
1088Bahrain676
18%
1206Yemen750
18%

Score Distribution

Percentile by Number Answered

Percent of People with Each Score

Your Score History

You have not taken this quiz